Представление документа в формате RUSMARC

ПолеНазваниеЗначение
  Тип записи a
  Библиографический уровень a
001 Контрольный номер RU/CBS_UL/BASE/dd6b075a792d4c5fb395337f911374b2
005 Дата корректировки 20240430152713.3
100 Данные общей обработки __
a Данные общей обработки 20240430 ||| 0rusy0189 ca
101 Язык документа 0_
a Язык текста rus
102 Страна публикации __
a Страна публикации RU
200 Заглавие и сведения об ответственности 1_
a Заглавие BAIC X35: ничего лишнего
e Сведения, относящиеся к заглавию [кроссовер BAIC X35: отличное сочетание цены и потребительских качеств]
300 Общие примечания __
a Общие примечания 16+
461 Уровень набора _0
1 2000
a За рулем
463 Уровень физической единицы _0
1 2000
a № 1
v С. 44-45 : фото
1 2101
d 2024
1 001RU/CBS_UL/BASE/0b9006779c4343a6841314c91955aab4
606 Тематические рубрики 0_
a Основная рубрика BAIC X35, легковые автомобили
610 Ключевые слова 0_
a Ключевые слова автомобили
610 Ключевые слова 0_
a Ключевые слова легковые автомобили
610 Ключевые слова 0_
a Ключевые слова автомобили легковые
610 Ключевые слова 0_
a Ключевые слова кроссоверы
610 Ключевые слова 0_
a Ключевые слова компактные кроссоверы
610 Ключевые слова 0_
a Ключевые слова кроссоверы компактные
610 Ключевые слова 0_
a Ключевые слова BAIC X55 (автомобили)
610 Ключевые слова 0_
a Ключевые слова БАИК Х35 (автомобили)
686 Индексы других классификаций __
2 Код системы rubbk
a Классификационный индекс 39.335.52
801 Источник записи _0
a Страна RU
b Организация МБУК ЦБС г. Ульяновска
c Дата составления 20240430
g Правила каталогизации RCR
801 Источник записи _1
a Страна RU
b Организация МБУК ЦБС г. Ульяновска
c Дата составления 20240430
g Правила каталогизации RCR
901 Тип документа __
t Тип документа b
w Контрольный № источника RU/CBS_UL/BASE/0b9006779c4343a6841314c91955aab4
909 Создатель записи __
a Создатель записи lib2